书目信息 |
| 题名: |
城镇燃气管理条例
|
|
| 作者: | ;中国建筑科学研究院 , 中国建筑工业出版社 主编 ;中华人民共和国住房和城乡建设部 批准 | |
| 分册: | ||
| 出版信息: | 北京 中国建筑工业出版社 2011.02 |
|
| 页数: | 51页 | |
| 开本: | 21cm | |
| 丛书名: | ||
| 单 册: | ||
| 中图分类: | T-652.6 , D922.181.5 | |
| 科图分类: | ||
| 主题词: | 城镇燃气--di xia gong cheng--管理条例--技术规程--中国 , 法律--中国 | |
| 电子资源: | ||
| ISBN: | ||
| 000 | 01285nam 2200325 450 | |
| 001 | 1259372141 | |
| 005 | 20161213082629.88 | |
| 010 | @dCNY5.00 | |
| 091 | @a15112·20211 | |
| 100 | @a20110324d2011 ekmy0chiy50 ea | |
| 101 | 0 | @achi |
| 102 | @aCN@b110000 | |
| 105 | @aa z 000yy | |
| 106 | @ar | |
| 200 | 1 | @a城镇燃气管理条例@Acheng zhen ran qi guan li tiao li@f中国建筑工业出版社编著@Fzhong guo jian zhu gong ye chu ban she bian zhu@zeng |
| 210 | @a北京@c中国建筑工业出版社@d2011.02 | |
| 215 | @a51页@c图@d21cm | |
| 225 | 2 | @Azhong hua ren min gong he guo hang ye biao zhun |
| 330 | @a《城镇燃气管理条例》已经2010年10月19日国务院第129次常务会议通过,现予公布,自2011年3月1日起施行。 | |
| 410 | 0 | @12001 @Azhong hua ren min gong he guo hang ye biao zhun |
| 510 | 1 | @zeng |
| 606 | 0 | @a城镇燃气@Adi xia gong cheng@x管理条例@x技术规程@y中国 |
| 606 | 0 | @a法律@x中国 |
| 690 | @aT-652.6@v5 | |
| 690 | @aD922.181.5@v4 | |
| 711 | 02 | @a中国建筑科学研究院@AZhongguo jian zhu ke xue yan jiu yuan@4主编 |
| 711 | 02 | @a中国建筑工业出版社@Azhong guo jian zhu gong ye chu ban she@4编著 |
| 712 | 02 | @a中华人民共和国住房和城乡建设部@AZhong hua ren min gong he guo zhu fang he cheng xiang jian she bu@4批准 |
| 801 | 0 | @aCN@c20110610 |
| 905 | @b1016192-4@dD922.181.5@eZ567@f3 | |
| 城镇燃气管理条例/中国建筑工业出版社编著.-北京:中国建筑工业出版社,2011.02 |
| 51页:图;21cm |
| ISBN :CNY5.00 |
| 《城镇燃气管理条例》已经2010年10月19日国务院第129次常务会议通过,现予公布,自2011年3月1日起施行。 |
| ● |
| 相关链接 |
|
|
|
正题名:城镇燃气管理条例
索取号:D922.181.5/Z567
 
预约/预借
| 序号 | 登录号 | 条形码 | 馆藏地/架位号 | 状态 | 备注 |
| 1 | 1016192 | 210161929 | 社科库509/509社科库 86排3列4层/ [索取号:T-652.6/Z567] | 在馆 | |
| 2 | 1016193 | 210161938 | 社科库509/509社科库 86排3列4层/ [索取号:T-652.6/Z567] | 在馆 | |
| 3 | 1016194 | 210161947 | 社科库509/509社科库 86排3列4层/ [索取号:T-652.6/Z567] | 在馆 |